Draft cloud computing synopsis and recommendations : recommendations of the National Institute of Standards and Technology /

Bibliographic Details
Corporate Author: National Institute of Standards and Technology (U.S.)
Other Authors: Badger, Lee
Format: Government Document eBook
Language:English
Published: Gaithersburg, MD : U.S. Dept. of Commerce, National Institute of Standards and Technology, [2011]
Edition:Draft.
Series:NIST special publication ; 800-146.
NIST special publication. Computer security.
Subjects:
Online Access:https://purl.fdlp.gov/GPO/gpo28772

MARC

Tag First Indicator Second Indicator Subfields
LEADER 00000cam a2200000Ia 4500
001 in00002786535
005 20211120170317.0
006 m o d f
007 cr mn|||||||||
008 121107s2011 mdua ob f000 0 eng d
035 |a (OCoLC)ocn816338594 
040 |a GPO  |c GPO  |d MvI  |d UtOrBLW 
043 |a n-us--- 
049 |a WWW 
074 |a 0247 (online) 
086 0 |a C 13.10:800-146/DRAFT 
245 0 0 |a Draft cloud computing synopsis and recommendations :  |b recommendations of the National Institute of Standards and Technology /  |c Lee Badger [and others]. 
246 3 0 |a Cloud computing synopsis and recommendations :  |b recommendations of the National Institute of Standards and Technology 
250 |a Draft. 
264 1 |a Gaithersburg, MD :  |b U.S. Dept. of Commerce, National Institute of Standards and Technology,  |c [2011] 
300 |a 1 online resource (84 unnumbered pages) :  |b illustrations 
336 |a text  |b txt  |2 rdacontent 
337 |a computer  |b c  |2 rdamedia 
338 |a online resource  |b cr  |2 rdacarrier 
490 1 |a NIST special publication ;  |v 800-146.  |a Computer security 
500 |a Title from PDF title screen (viewed Sept. 27, 2012). 
500 |a "May 2011." 
504 |a Includes bibliographical references. 
500 |a Electronic resource. 
650 0 |a Cloud computing  |x Standards  |z United States. 
700 1 |a Badger, Lee. 
710 2 |a National Institute of Standards and Technology (U.S.) 
830 0 |a NIST special publication ;  |v 800-146. 
830 0 |a NIST special publication.  |p Computer security. 
856 4 0 |u https://purl.fdlp.gov/GPO/gpo28772  |t 0 
999 |a MARS 
999 f f |s 7c633759-f48d-3b23-a084-4bd9606599ea  |i b20ebbfe-0b3b-3fe9-aef6-b250d3b5fbf6  |t 0 
952 f f |a Texas A&M University  |b College Station  |c Electronic Resources  |d Available Online  |t 0  |e C 13.10:800-146/DRAFT  |h Superintendent of Documents classification 
998 f f |a C 13.10:800-146/DRAFT  |t 0  |l Available Online